000 00571nam a2200229Ia 4500
003 OSt
005 20220924144627.0
006 a|||||r|||| 00| 0
007 ta
008 220923b |||||||| |||| 00| 0 urd d
024 _a316459
037 _cTextual
040 _aARTS
_cARTS
_burd
041 _2urd
_aurd
082 _aO168,2N34,1, M1
100 _aZiya-Ul-Islam
_9218053
245 0 _aChandani aur angare
260 _c1981
650 _aURDU DRAMA
942 _hO168,2N34,1, M1
_cTEXL
_2CC
999 _c457688
_d457688